000 00713nam a2200241Ia 4500
003 OSt
005 20220927105432.0
006 a|||||r|||| 00| 0
007 ta
008 220926b |||||||| |||| 00| 0 eng d
024 _a172604
037 _cReference Collections
040 _aRTL
_cRTL
_beng
041 _2eng
_aeng
082 _a"X9(D53).2.N94r, N4/GD"
110 _a"BOMBAY, AIR INDIA"
_9372502
245 0 _aAnnual report for the period ended 28th Feb.1994.
260 _aBombay
_bAir India
_c1994
300 _a27p.
_ccm.
700 _a"BOMBAY, AIR INDIA"
_9372503
942 _h"X9(D53).2.N94r, N4/GD"
_cCC
999 _c692538
_d692538